000 00265nam a2200121 i 4500
001 bg
245 0 _aLitovskij fiziceskij sbornik nr 2.
260 _aVilnjus,
_c1971.
040 _cBPK
041 _apol
942 _cKS
008 s pl f |000 0 pol
999 _c13796
_d13796
856 _uhttp://koha.tu.koszalin.pl/cgi-bin/koha/opac-detail.pl?biblionumber=13796
_yKatalog online BPK